| 000 | 00884nam a22002057a 4500 | ||
|---|---|---|---|
| 003 | OSt | ||
| 005 | 20260217194337.0 | ||
| 008 | 220927b ||||| |||| 00| 0 eng d | ||
| 040 |
_aSSBUL _cSSBUL |
||
| 082 |
_223 _a၂၉၄.၃၄၄၃၅ |
||
| 100 | 1 |
_aကျော်နန္ဒအောင်။ _912358 |
|
| 245 | 1 | 0 |
_aကျေးဇူးရှင်ဆရာတော်ကြီးများ၏ဝိပဿနာရှုနည်း ၉နည်း / _cကျော်နန္ဒအောင်။ |
| 260 |
_aရန်ကုန် ၊ _bပိဋကတ်ပုံနှိပ်တိုက်၊ _c၁၉၈၈။ |
||
| 300 |
_aဏ၊ ၃၀၉ စာမျက်နှာ ၊ _c၂၃ စင်တီ။ |
||
| 500 | _aS-SAT: Dr. Sai Aung Tun | ||
| 500 | _aS-AC: Nun Asoka Cari | ||
| 650 | _aကမ္မဋ္ဌာန်း | ||
| 942 |
_cBK1 _2ddc |
||
| 942 | _2ddc | ||
| 999 |
_c8704 _d8704 |
||